| 000 | 00567nam a2200241 a 4500 | ||
|---|---|---|---|
| 001 | nice12345678 | ||
| 003 | IN_TiNIC | ||
| 005 | 20260116011859.0 | ||
| 008 | 050524s1938 beia grp 000 0 ara | ||
| 020 |
_a _c100 |
||
| 082 | 0 | 0 |
_a244 _bLEV |
| 100 | _aLevonian, Lotfi | ||
| 245 | _aMaa Hiya Al-Hurriyatu | ||
| 260 |
_aBeirut _bAmerican Press _c1938 |
||
| 300 | _a22p | ||
| 500 | _aincludes index and biblioraphy | ||
| 505 | 2 | _aReserve copies | |
| 650 | _aBible Stories | ||
| 700 | 1 | _aLevonian, Lotfi | |
| 902 | _bSRS | ||
| 942 | _cBK | ||
| 999 |
_c4680 _d4680 |
||